01401nam a2200337 a 4500001001200000003000800012006001900020007001500039008004100054020001800095020002700113040002100140035002100161050002100182100002000203245012300223260005000346300001600396490002700412504004100439533015200480650004700632655002900679700002900708710004800737710003900785710001700824830007700841856012600918999001901044ebr10512136CaPaEBRm u cr cn|||||||||111212s2008 sz sb 000 0 eng d z9789290148760 z9789290148777 (e-book) aCaPaEBRcCaPaEBR a(OCoLC)64875929914aH97b.B33 2008eb1 aBaccaro, Lucio.14aThe promise and perils of participatory policy makingh[electronic resource] /cLucio Baccaro, Konstantinos Papadakis. aGeneva :bInternational Labour Office,c2008. aviii, 69 p.1 aResearch series ;v117 aIncludes bibliographical references. aElectronic reproduction.bPalo Alto, Calif. :cebrary,d2011.nAvailable via World Wide Web.nAccess may be limited to ebrary affiliated libraries. 0aPolitical planningxCitizen participation. 7aElectronic books.2local1 aPapadakis, Konstantinos.2 aInternational Institute for Labour Studies.2 aInternational Labour Organization.2 aebrary, Inc. 0aResearch series (International Institute for Labour Studies) ;vno. 117.40uhttp://site.ebrary.com/lib/rucke/Doc?id=10512136zAn electronic book accessible through the World Wide Web; click to view c223061d223061